000 01443cam a2200349 a 4500
001 EDZ0000104923
003 StDuBDS
005 20161031105203.0
006 m||||||||d||||||||
007 cr |||||||||||
008 121017s2011 enk fo| 001|0|eng|d
020 _a9781446269541 (ebook) :
_cNo price
040 _aStDuBDS
_beng
_cStDuBDS
_epn
049 _aAlfaisal Main Library
050 0 _aHV29.2
_b.H55 2011
082 0 4 _a361.30285
_223
100 1 _aHill, Andrew,
_d1960-
245 1 0 _aSocial work & ICT
_h[electronic resource] /
_cAndrew Hill & Ian Shaw.
260 _aLondon :
_bSAGE,
_c2011.
300 _a1 online resource (137 p.)
520 8 _aInformation and Communication Technologies (ICTs) have become an integral part of social and working lives. Within social work ICTs play a vital role, helping professionals to store and share information and contributing to new forms of practice. This book asks why ICT is used and how it affects practice.
521 _aSpecialized.
588 _aDescription based on print version record.
504 _aIncludes bibliographical references and index.
650 0 _aSocial service
_xData processing.
655 7 _aElectronic books.
_2local
700 1 _aShaw, Ian,
_d1945-
710 2 _aSage eBooks
776 0 8 _iPrint version :
_z9781849200561
856 4 0 _uhttp://ezproxy.alfaisal.edu/login?url=http://sk.sagepub.com/books/social-work-and-ict
942 _2lcc
_cEBOOKS
999 _c481262
_d481262